| 000 | 00690nam a2200193 a 4500 | ||
|---|---|---|---|
| 005 | 20140412111331.0 | ||
| 008 | 001110s19uu xx 00 eng d | ||
| 020 | _a0-394-85131-5 | ||
| 050 |
_aER _bBe35Go 1982 |
||
| 100 | _aBerenstain, Stanley | ||
| 245 |
_aBerenstain Bears (The) / : _cStanley and Jan Berenstain. _bGo to the camp / |
||
| 260 |
_aNew York : _bRandom House, _c1982. |
||
| 300 | _a1 v. (unp.) ; ill. | ||
| 440 | _aFirst time to do it book | ||
| 520 | _aThe Berenstain cubs enjoy day camp although they are dubious about the end-of-season pow wow and sleep-out at the top of skull rock | ||
| 650 | _aCamping -- Fiction | ||
| 650 | _aBears -- Stories | ||
| 999 |
_c104914 _d104914 |
||